[Event "6. ODEM U25 2009"]
[Site "Willingen GER"]
[Date "2009.05.31"]
[Round "1"]
[White "Rummer, Bärbel"]
[Black "Siebarth, Marco"]
[Result "0-1"]
[Termination "normal"]
[Board "22"]
[WhiteElo "1476"]
[BlackElo "2031"]
[PlyCount "76"]
[WhiteFideId "12900109"]
[BlackFideId "24604330"]
[EventCountry "GER"]
[EventRounds "9"]
[EventType "swiss"]
[EventDate "2009.05.30"]

1. e4 d5 2. exd5 Qxd5 3. Nc3 Qa5 4. Nf3 Nf6 5. Bc4 c6 6. d4 Bg4 7. h3 Bxf3 8.
Qxf3 e6 9. O-O Be7 10. Re1 Nbd7 11. a3 O-O 12. b4 Bxb4 13. Bb2 Bd6 14. Qd3 Qg5
15. Ne2 Nd5 16. Bb3 Nf4 17. Qf3 Nxe2+ 18. Rxe2 Qf4 19. Qxf4 Bxf4 20. Rae1 g6
21. g3 Bh6 22. Re4 Nf6 23. R4e2 Rad8 24. Rd1 Rd7 25. f4 Bg7 26. Kg2 c5 27. Rd3
Rfd8 28. c3 b5 29. Bc2 Nd5 30. Rd1 cxd4 31. cxd4 Nb6 32. Re4 Nc4 33. Bc3 Nxa3
34. Bb3 Nc4 35. Bc2 a5 36. Ba1 Nb6 37. Kf2 b4 38. Ke2 a4 0-1

[Event "6. ODEM U25 2009"]
[Site "Willingen GER"]
[Date "2009.05.31"]
[Round "1"]
[White "Nehls, Benedikt"]
[Black "Lebeda, Lukas"]
[Result "1-0"]
[Termination "normal"]
[Board "23"]
[WhiteElo "1836"]
[BlackElo "1710"]
[PlyCount "111"]
[WhiteFideId "24656771"]
[EventCountry "GER"]
[EventRounds "9"]
[EventType "swiss"]
[EventDate "2009.05.30"]

1. d4 d5 2. c4 c6 3. Nf3 Nf6 4. Nc3 g6 5. Bf4 Bg7 6. e3 Bf5 7. Qb3 Qb6 8. Qxb6
axb6 9. cxd5 Nxd5 10. Nxd5 cxd5 11. Bb5+ Bd7 12. Bd3 Nc6 13. O-O Nb4 14. Be2
O-O 15. a3 Na6 16. Rac1 Rac8 17. Ne5 Ba4 18. Rc3 Bxe5 19. Bxe5 f6 20. Bg3 Rxc3
21. bxc3 Rc8 22. Rc1 f5 23. Kf1 Kf7 24. Ke1 b5 25. Kd2 Rc6 26. Rb1 Rb6 27. f3
e6 28. Bd3 Ke8 29. e4 Kd7 30. exd5 exd5 31. h4 h5 32. Re1 Re6 33. Re5 Rxe5 34.
Bxe5 Nc7 35. Bxc7 Kxc7 36. Ke3 Kd6 37. Kf4 Ke6 38. Kg5 Kf7 39. Be2 b6 40. g4
hxg4 41. fxg4 fxg4 42. Bxg4 Bb3 43. Be2 Bc4 44. Bd1 Bd3 45. Bb3 Ke6 46. Bd1 Kf7
47. Bg4 Ke7 48. Bf3 Ke6 49. Bd1 Kf7 50. Bg4 Ke7 51. Bf3 Ke6 52. Bg2 Kd6 53. Kf6
Be4 54. Bh3 Bd3 55. Be6 Be4 56. Bf7 1-0

[Event "6. ODEM U25 2009"]
[Site "Willingen GER"]
[Date "2009.05.31"]
[Round "1"]
[White "Weißbeck, Joachim Daniel"]
[Black "Ackermann, Johannes"]
[Result "0-1"]
[Termination "normal"]
[Board "24"]
[WhiteElo "1755"]
[BlackElo "1935"]
[PlyCount "90"]
[WhiteFideId "4639227"]
[BlackFideId "24663875"]
[EventCountry "GER"]
[EventRounds "9"]
[EventType "swiss"]
[EventDate "2009.05.30"]

1. e4 e5 2. Nf3 Nc6 3. Bb5 a6 4. Ba4 Nf6 5. O-O Be7 6. c3 Nxe4 7. Re1 Nc5 8.
Bxc6 dxc6 9. Nxe5 O-O 10. d4 Nd7 11. Bf4 c5 12. dxc5 Nxc5 13. Nd2 Be6 14. Qc2
Re8 15. Ndf3 Bd6 16. Ng5 g6 17. Nxe6 Rxe6 18. b4 Nd7 19. Nxd7 Rxe1+ 20. Rxe1
Bxf4 21. Nc5 b6 22. Nd3 Bd6 23. a3 Qd7 24. Nb2 Re8 25. Rd1 Qe6 26. g3 b5 27. c4
Qe2 28. Rd2 Qf3 29. Nd3 Bf8 30. Rd1 bxc4 31. Ne1 Qxa3 32. Qxc4 Qxb4 33. Qc1 Bd6
34. Nd3 Qb6 35. Qc2 Rb8 36. Qa4 Qb3 37. Qg4 a5 38. Qe2 a4 39. Ra1 a3 40. Ra2 c5
41. Nc1 Qb1 42. Qc4 Qb4 43. Qe2 Kf8 44. Nd3 Qb1+ 45. Kg2 c4 0-1

[Event "6. ODEM U25 2009"]
[Site "Willingen GER"]
[Date "2009.05.31"]
[Round "1"]
[White "Takeuchi, Eiki"]
[Black "Klosa, Kevin"]
[Result "1/2-1/2"]
[Termination "normal"]
[Board "25"]
[WhiteElo "1882"]
[BlackElo "1453"]
[PlyCount "128"]
[WhiteFideId "24663751"]
[BlackFideId "12900206"]
[EventCountry "GER"]
[EventRounds "9"]
[EventType "swiss"]
[EventDate "2009.05.30"]

1. e4 e5 2. Bc4 Nf6 3. d3 Nc6 4. Nf3 Be7 5. O-O O-O 6. Re1 d6 7. h3 Na5 8. c3
Nxc4 9. dxc4 b6 10. Bg5 Bb7 11. Nbd2 Qd7 12. Qc2 Rfe8 13. Rad1 h6 14. Be3 Qc6
15. Qc1 Kh7 16. Kh2 Nxe4 17. Nxe4 Qxe4 18. Bxh6 Qg6 19. Be3 Rh8 20. Rg1 Kg8 21.
Rd5 Bxd5 22. cxd5 Qf5 23. Qd2 f6 24. Ne1 Kf7 25. g4 Qg6 26. f4 Qe4 27. f5 g6
28. fxg6+ Qxg6 29. Qf2 Rh7 30. Nf3 Ke8 31. g5 Qh5 32. Qg2 fxg5 33. Bxg5 Bxg5
34. Nxg5 Rg7 35. Qg4 Qxg4 36. Rxg4 Kd7 37. h4 Rh8 38. Kg3 Ke7 39. Kf3 Rg6 40.
Ke3 Rf6 41. Nf3 Rhf8 42. Rg3 Rf4 43. Rh3 Rh8 44. b3 Rg4 45. h5 Rh6 46. c4 e4
47. Nd4 Rg5 48. Kxe4 Re5+ 49. Kd3 Rexh5 50. Re3+ Kd7 51. Kc3 a5 52. Kb2 Re5 53.
Rg3 Rh2+ 54. Ka3 Re4 55. Rg7+ Re7 56. Rg4 Rf7 57. Ne6 c6 58. Rg8 cxd5 59. cxd5
Rh5 60. Ng5 Re7 61. Ka4 Re5 62. Rg7+ Re7 63. Rg8 Re8 64. Rg7+ Re7 1/2-1/2

[Event "6. ODEM U25 2009"]
[Site "Willingen GER"]
[Date "2009.05.31"]
[Round "1"]
[White "Kulling, Markus"]
[Black "Müller, Denis"]
[Result "0-1"]
[Termination "normal"]
[Board "26"]
[WhiteElo "1451"]
[BlackElo "1934"]
[PlyCount "90"]
[WhiteFideId "24698911"]
[BlackFideId "4696140"]
[EventCountry "GER"]
[EventRounds "9"]
[EventType "swiss"]
[EventDate "2009.05.30"]

1. d4 Nf6 2. Nf3 g6 3. Bg5 Bg7 4. Nbd2 O-O 5. e3 d6 6. Be2 Nbd7 7. O-O h6 8.
Bh4 e5 9. dxe5 dxe5 10. c3 g5 11. Bg3 Nh5 12. Qc2 Nxg3 13. hxg3 f5 14. Rfd1 Qe7
15. Nf1 Nf6 16. Bc4+ Kh8 17. Bd5 e4 18. Ne1 Nxd5 19. Rxd5 Be6 20. Rd2 Rad8 21.
Qa4 Rxd2 22. Nxd2 Rd8 23. Rd1 c5 24. Qxa7 Bc4 25. Nxc4 Rxd1 26. Kf1 Qd7 27. Ke2
b5 28. Qxd7 Rxd7 29. Nd2 Kg8 30. Nb3 Bf8 31. Nc2 Ra7 32. a3 Rd7 33. Ke1 h5 34.
Nd2 Bg7 35. Nb3 Rd5 36. Nd2 Kf7 37. Ke2 Ke6 38. Ke1 Be5 39. Ke2 Rd8 40. Ke1 h4
41. g4 fxg4 42. Nxe4 Kf5 43. Nxc5 h3 44. e4+ Kg6 45. Ne3 h2 0-1

[Event "6. ODEM U25 2009"]
[Site "Willingen GER"]
[Date "2009.05.31"]
[Round "1"]
[White "Neitzel, Mirko"]
[Black "Schirra, Felix"]
[Result "1-0"]
[Termination "normal"]
[Board "27"]
[WhiteElo "1810"]
[BlackElo "1440"]
[PlyCount "57"]
[WhiteFideId "24657298"]
[BlackFideId "24692662"]
[EventCountry "GER"]
[EventRounds "9"]
[EventType "swiss"]
[EventDate "2009.05.30"]

1. e4 e6 2. d3 d5 3. Nd2 Nf6 4. g3 dxe4 5. dxe4 Nc6 6. Ngf3 Bc5 7. Bg2 e5 8.
O-O O-O 9. Qe2 Qe7 10. Nb3 Bd6 11. Ne1 b6 12. Nd3 Bb7 13. f4 Rfe8 14. fxe5 Bxe5
15. Bg5 Ba6 16. Qe1 Bxd3 17. cxd3 Qd6 18. Bxf6 Bxf6 19. Qd2 Bd4+ 20. Kh1 f6 21.
Nxd4 Qxd4 22. e5 Nxe5 23. Bxa8 Rxa8 24. Rac1 c5 25. Rcd1 Rd8 26. b3 Kf7 27. Qe2
Qg4 28. Qxe5 Qxd1 29. Qc7+ 1-0

[Event "6. ODEM U25 2009"]
[Site "Willingen GER"]
[Date "2009.05.31"]
[Round "1"]
[White "Rummer, Evi"]
[Black "Thananbalasingam, Ajandhan"]
[Result "0-1"]
[Termination "normal"]
[Board "28"]
[WhiteElo "1439"]
[BlackElo "1926"]
[PlyCount "80"]
[WhiteFideId "12900117"]
[EventCountry "GER"]
[EventRounds "9"]
[EventType "swiss"]
[EventDate "2009.05.30"]

1. e4 c5 2. Nf3 d6 3. Bc4 e6 4. Nc3 a6 5. a4 Nf6 6. d3 Be7 7. O-O O-O 8. Re1
Nc6 9. Ne2 d5 10. exd5 exd5 11. Bb3 Bg4 12. Ng3 Re8 13. c3 Qc7 14. h3 Bxf3 15.
Qxf3 Ne5 16. Qf5 g6 17. Qxe5 Bd6 18. Qxf6 Rxe1+ 19. Kh2 Be5 20. Qf3 c4 21. Bc2
Re8 22. Qxd5 Re2 23. d4 Bd6 24. Qf3 Rxc2 25. Bh6 Ree2 26. Rg1 Rxf2 27. Qe4
Bxg3+ 28. Kh1 Qd7 29. Re1 Qe6 30. Qxe6 fxe6 31. d5 exd5 32. Re8+ Kf7 33. Rf8+
Ke7 34. Rxf2 Rxf2 35. Be3 Rf1+ 36. Bg1 h5 37. a5 h4 38. b3 Bf2 39. g3 Rxg1+ 40.
Kh2 hxg3# 0-1

[Event "6. ODEM U25 2009"]
[Site "Willingen GER"]
[Date "2009.05.31"]
[Round "1"]
[White "Kropman, Alexei"]
[Black "Plumbaum, Nadja"]
[Result "1-0"]
[Termination "normal"]
[Board "29"]
[WhiteElo "1964"]
[BlackElo "1667"]
[PlyCount "70"]
[WhiteFideId "24670723"]
[BlackFideId "24691941"]
[EventCountry "GER"]
[EventRounds "9"]
[EventType "swiss"]
[EventDate "2009.05.30"]

1. e4 c5 2. Nf3 Nc6 3. d4 cxd4 4. Nxd4 Nf6 5. Nc3 d6 6. Be2 e5 7. Nb3 a5 8. a4
Nb4 9. O-O Bd7 10. f4 Bc6 11. Bf3 Be7 12. Qe2 O-O 13. Rd1 Qb8 14. Nd5 Nbxd5 15.
exd5 Bd7 16. Bd2 b6 17. fxe5 dxe5 18. d6 Bxd6 19. Bxa8 Qxa8 20. Qd3 Be7 21. Bc3
Bc6 22. Bxe5 Bxg2 23. Qg3 Be4 24. Nd4 Bg6 25. c3 Re8 26. Bxf6 Bxf6 27. Re1 Rd8
28. Rad1 Rd5 29. Qf3 Rg5+ 30. Kh1 Qc8 31. Nc6 Bh5 32. Qe4 Qe6 33. Ne7+ Qxe7 34.
Rd8+ Qf8 35. Rxf8+ Kxf8 1-0

[Event "6. ODEM U25 2009"]
[Site "Willingen GER"]
[Date "2009.05.31"]
[Round "1"]
[White "Goldbeck, Daniel"]
[Black "Müller, Philipp"]
[Result "0-1"]
[Termination "normal"]
[Board "30"]
[WhiteElo "1391"]
[BlackElo "1870"]
[PlyCount "56"]
[WhiteFideId "1271850"]
[BlackFideId "24683701"]
[EventCountry "GER"]
[EventRounds "9"]
[EventType "swiss"]
[EventDate "2009.05.30"]

1. d4 d5 2. Nc3 Nf6 3. Bf4 g6 4. e3 Bg7 5. Nf3 O-O 6. Be2 b6 7. O-O Bb7 8. Qd2
Nbd7 9. h3 Ne4 10. Nxe4 dxe4 11. Ne1 Nc5 12. c3 e5 13. Bg3 Ne6 14. Rd1 exd4 15.
exd4 Qd5 16. b3 Rad8 17. f3 Qd7 18. fxe4 Bxe4 19. Qe3 Nxd4 20. Kh1 Qxh3+ 21.
Kg1 Nxe2+ 22. Qxe2 Qxg3 23. Rxd8 Rxd8 24. Qxe4 Qxc3 25. Nf3 Qd3 26. Qe7 Bd4+
27. Nxd4 Qxd4+ 28. Kh1 Rd7 0-1

[Event "6. ODEM U25 2009"]
[Site "Willingen GER"]
[Date "2009.05.31"]
[Round "1"]
[White "Kabitzke, Julian"]
[Black "Wachinger, David"]
[Result "1-0"]
[Termination "normal"]
[Board "31"]
[WhiteElo "1823"]
[BlackElo "1386"]
[PlyCount "68"]
[WhiteFideId "24669547"]
[BlackFideId "24692689"]
[EventCountry "GER"]
[EventRounds "9"]
[EventType "swiss"]
[EventDate "2009.05.30"]

1. e4 e5 2. Nf3 Nc6 3. Bb5 a6 4. Ba4 Nf6 5. O-O d6 6. d4 b5 7. Bb3 Bg4 8. c3
Be7 9. Be3 O-O 10. Nbd2 Na5 11. Bc2 c5 12. h3 Bxf3 13. Nxf3 Nc6 14. Qe2 Rc8 15.
Rfd1 Qc7 16. dxc5 dxc5 17. Nh2 Rfd8 18. Nf1 Qb7 19. Bg5 Na5 20. Bxf6 Bxf6 21.
Ne3 Bg5 22. Nf5 Nc6 23. Nd6 Rxd6 24. Rxd6 Qe7 25. Rad1 Rc7 26. Qg4 Bf6 27. Rd7
Rxd7 28. Qxd7 Qxd7 29. Rxd7 h6 30. Rd6 Na5 31. b3 Nb7 32. Rxa6 Bg5 33. Rb6 Nd8
34. Rxb5 Ne6 1-0

[Event "6. ODEM U25 2009"]
[Site "Willingen GER"]
[Date "2009.05.31"]
[Round "1"]
[White "Marquardt, Annabelle"]
[Black "Wenninger, Philipp"]
[Result "0-1"]
[Termination "normal"]
[Board "32"]
[WhiteElo "1381"]
[BlackElo "1984"]
[PlyCount "100"]
[WhiteFideId "12900125"]
[BlackFideId "4648404"]
[EventCountry "GER"]
[EventRounds "9"]
[EventType "swiss"]
[EventDate "2009.05.30"]

1. e4 c6 2. d4 d5 3. e5 Bf5 4. Nd2 e6 5. c3 Nd7 6. Ngf3 Ne7 7. h3 c5 8. g4 Bg6
9. h4 h6 10. h5 Bh7 11. Nh4 Nc6 12. Ndf3 cxd4 13. Nxd4 Ndxe5 14. Nxc6 Nxc6 15.
f4 Bd6 16. Bd3 Bxd3 17. Qxd3 Qb6 18. f5 O-O-O 19. fxe6 fxe6 20. Ng6 Rhe8 21.
Rf1 Ne5 22. Nxe5 Bxe5 23. b3 Rf8 24. Bd2 Rxf1+ 25. Qxf1 Bg3+ 26. Kd1 Qc5 27.
Kc2 Rf8 28. Qd3 Bh4 29. Qg6 Bf6 30. Re1 Qd6 31. Qd3 Re8 32. Be3 b6 33. Rf1 Kb7
34. Bd2 e5 35. Rf5 Rc8 36. Qf1 d4 37. c4 e4 38. Qg2 d3+ 39. Kd1 Qd4 40. Rd5
Qa1+ 41. Bc1 Bg5 42. Rd7+ Ka6 43. Qb2 Qxb2 44. Bxb2 Rf8 45. Ke1 Bh4+ 46. Kd2
Rf2+ 47. Kc3 Bf6+ 48. Kb4 Rxb2 49. Ka3 Bc3 50. b4 Rxb4 0-1

[Event "6. ODEM U25 2009"]
[Site "Willingen GER"]
[Date "2009.05.31"]
[Round "1"]
[White "Becker, Carsten"]
[Black "Sailer, Fabian"]
[Result "1-0"]
[Termination "normal"]
[Board "33"]
[WhiteElo "1995"]
[BlackElo "1380"]
[PlyCount "39"]
[WhiteFideId "24646822"]
[EventCountry "GER"]
[EventRounds "9"]
[EventType "swiss"]
[EventDate "2009.05.30"]

1. d4 Nf6 2. Bg5 d5 3. Nd2 Nbd7 4. c3 e6 5. Ngf3 c5 6. e3 Bd6 7. e4 Be7 8. e5
Ng8 9. h4 h6 10. Bf4 cxd4 11. cxd4 Bb4 12. Bd3 Ne7 13. a3 Ba5 14. Rc1 a6 15. b4
Bb6 16. Nb3 Ba7 17. g4 Nc6 18. h5 Rb8 19. Be3 b5 20. Rxc6 1-0

[Event "6. ODEM U25 2009"]
[Site "Willingen GER"]
[Date "2009.05.31"]
[Round "1"]
[White "Kempe, Markus"]
[Black "Lebeda, Timo"]
[Result "0-1"]
[Termination "normal"]
[Board "34"]
[WhiteElo "1348"]
[BlackElo "1942"]
[PlyCount "64"]
[WhiteFideId "24692638"]
[BlackFideId "4638565"]
[EventCountry "GER"]
[EventRounds "9"]
[EventType "swiss"]
[EventDate "2009.05.30"]

1. e4 c5 2. Nf3 d6 3. d4 cxd4 4. Nxd4 Nf6 5. Nc3 a6 6. Bg5 e6 7. f4 Be7 8. Qf3
Qc7 9. O-O-O Nbd7 10. g4 b5 11. Bxf6 Nxf6 12. g5 Nd7 13. f5 Bxg5+ 14. Kb1 Ne5
15. Qh5 Qe7 16. fxe6 g6 17. exf7+ Nxf7 18. Qe2 Ne5 19. Nd5 Qf7 20. Nxb5 axb5
21. Qxb5+ Bd7 22. Qb7 O-O 23. Bd3 Bc6 24. Qxf7+ Rxf7 25. h4 Bh6 26. h5 g5 27.
Rhf1 Raf8 28. Rxf7 Rxf7 29. Rf1 Nxd3 30. Rxf7 Kxf7 31. cxd3 Bxd5 32. exd5 g4
0-1

[Event "6. ODEM U25 2009"]
[Site "Willingen GER"]
[Date "2009.05.31"]
[Round "1"]
[White "Yin, Zixiao"]
[Black "Neumair, Dorian"]
[Result "1-0"]
[Termination "normal"]
[Board "35"]
[WhiteElo "1932"]
[BlackElo "1340"]
[PlyCount "47"]
[WhiteFideId "24622729"]
[EventCountry "GER"]
[EventRounds "9"]
[EventType "swiss"]
[EventDate "2009.05.30"]

1. g3 d5 2. c3 e5 3. Na3 Bxa3 4. Qa4+ Nc6 5. Qxa3 Nf6 6. Bg2 Bf5 7. d3 e4 8.
dxe4 dxe4 9. Bd2 Qd7 10. O-O-O O-O-O 11. h4 Ng4 12. Nh3 Nge5 13. Bg5 Nd3+ 14.
exd3 exd3 15. Bxd8 Rxd8 16. Rd2 a6 17. Nf4 Ne5 18. Qc5 Qa4 19. Qxe5 Bg6 20.
Nxg6 hxg6 21. Qe4 Qb5 22. Qxb7+ Qxb7 23. Bxb7+ Kxb7 24. Rhd1 1-0

[Event "6. ODEM U25 2009"]
[Site "Willingen GER"]
[Date "2009.05.31"]
[Round "1"]
[White "Zeller, Lukas"]
[Black "Klebanov, Andrej"]
[Result "0-1"]
[Termination "normal"]
[Board "36"]
[WhiteElo "1338"]
[BlackElo "1818"]
[PlyCount "94"]
[WhiteFideId "1271152"]
[BlackFideId "24669989"]
[EventCountry "GER"]
[EventRounds "9"]
[EventType "swiss"]
[EventDate "2009.05.30"]

1. e4 e6 2. Bc4 d5 3. exd5 exd5 4. Bb3 Nf6 5. h3 Bd6 6. d3 O-O 7. Ne2 h6 8. O-O
c5 9. Nf4 Bc7 10. Nc3 Be6 11. Re1 Bxf4 12. Bxf4 a6 13. Qf3 Nc6 14. Be5 Nxe5 15.
Rxe5 c4 16. Rxe6 fxe6 17. dxc4 Ne4 18. Qe3 Nxc3 19. Qxe6+ Kh8 20. bxc3 dxc4 21.
Bxc4 Qd2 22. Qe2 Qxc3 23. Rb1 Rae8 24. Qd3 Re1+ 25. Rxe1 Qxe1+ 26. Qf1 Qxf1+
27. Kxf1 Rf4 28. Bb3 g5 29. g3 Re4 30. Kg2 Kg7 31. Kf3 Re5 32. Kg2 Kf6 33. Kf3
a5 34. Kg2 b5 35. a4 bxa4 36. Bxa4 Re4 37. Bb3 a4 38. Bd5 Rd4 39. Bc6 a3 40. c3
Rd6 41. Be4 a2 42. c4 a1=Q 43. c5 Rd1 44. c6 Rg1+ 45. Kh2 Qf1 46. h4 g4 47. c7
Qxf2+ 0-1

[Event "6. ODEM U25 2009"]
[Site "Willingen GER"]
[Date "2009.05.31"]
[Round "1"]
[White "Fernschild, Daniel"]
[Black "Bangert, Benjamin"]
[Result "1-0"]
[Termination "normal"]
[Board "37"]
[WhiteElo "1877"]
[BlackElo "1330"]
[PlyCount "91"]
[WhiteFideId "4624513"]
[BlackFideId "24692654"]
[EventCountry "GER"]
[EventRounds "9"]
[EventType "swiss"]
[EventDate "2009.05.30"]

1. d4 d5 2. Nf3 e6 3. e3 c5 4. c3 Nc6 5. Bd3 Bd6 6. Nbd2 Nge7 7. O-O Bd7 8. Qe2
O-O 9. dxc5 Bxc5 10. e4 Qc7 11. Re1 Bd6 12. e5 Bc5 13. Nb3 Bb6 14. Bxh7+ Kxh7
15. Ng5+ Kg8 16. Qh5 Rfe8 17. Qh7+ Kf8 18. Qh8+ Ng8 19. Nh7+ Ke7 20. Qxg7 Kd8
21. Nf6 Nxf6 22. Bg5 Ne7 23. Bxf6 Bb5 24. Qxf7 Kd7 25. h4 Bd3 26. h5 Bc5 27. g4
Rf8 28. Nxc5+ Qxc5 29. Qxe7+ Qxe7 30. Bxe7 Kxe7 31. Re3 Be4 32. Rd1 Bf3 33. Rd4
Rf7 34. Kh2 Bxg4 35. Rxg4 Rxf2+ 36. Rg2 Raf8 37. Rh3 Rxg2+ 38. Kxg2 Rh8 39. Kf3
Kf7 40. Kf4 Rf8 41. Rg3 b5 42. h6 Ke8+ 43. Kg5 a5 44. h7 Rh8 45. Kh6 Kf7 46.
Rf3+ 1-0

[Event "6. ODEM U25 2009"]
[Site "Willingen GER"]
[Date "2009.05.31"]
[Round "1"]
[White "Mann, Jonas"]
[Black "Ohnesorg, Felix"]
[Result "0-1"]
[Termination "normal"]
[Board "38"]
[WhiteElo "1296"]
[BlackElo "1822"]
[PlyCount "48"]
[WhiteFideId "12900214"]
[BlackFideId "24653578"]
[EventCountry "GER"]
[EventRounds "9"]
[EventType "swiss"]
[EventDate "2009.05.30"]

1. e4 e5 2. Nf3 Nc6 3. d4 exd4 4. Nxd4 Nf6 5. Nc3 Bb4 6. f3 O-O 7. Bc4 d5 8.
Nxc6 bxc6 9. e5 Nd7 10. Bb3 Nxe5 11. O-O Re8 12. f4 Ng4 13. f5 Bc5+ 14. Kh1
Nf2+ 15. Rxf2 Bxf2 16. Bd2 Qh4 17. Qf3 Bc5 18. Nxd5 Bd6 19. Nf4 Bxf4 20. Bxf4
Re1+ 21. Qf1 Rxf1+ 22. Rxf1 Ba6 23. Bg3 Qxg3 24. hxg3 Bxf1 0-1

[Event "6. ODEM U25 2009"]
[Site "Willingen GER"]
[Date "2009.05.31"]
[Round "1"]
[White "Azizi, Nassim"]
[Black "Schreiber, Justina"]
[Result "1-0"]
[Termination "normal"]
[Board "39"]
[WhiteElo "1692"]
[BlackElo "1269"]
[PlyCount "61"]
[WhiteFideId "4608119"]
[BlackFideId "24661570"]
[EventCountry "GER"]
[EventRounds "9"]
[EventType "swiss"]
[EventDate "2009.05.30"]

1. d4 d5 2. c4 c6 3. Nc3 Nf6 4. Nf3 Bf5 5. Bg5 Nbd7 6. e3 e6 7. Be2 Be7 8. O-O
Ne4 9. Bxe7 Nxc3 10. bxc3 Qxe7 11. cxd5 exd5 12. c4 Nf6 13. Bd3 Bxd3 14. Qxd3
O-O 15. Ne5 dxc4 16. Qxc4 Nd7 17. f4 Kh8 18. e4 f6 19. Nxd7 Qxd7 20. e5 fxe5
21. dxe5 Rad8 22. Rad1 Qxd1 23. Rxd1 Rxd1+ 24. Kf2 Rfd8 25. e6 R1d5 26. g4 Re8
27. f5 h5 28. h3 Kh7 29. Qe4 Kh6 30. e7 Rd6 31. Qf4+ 1-0

[Event "6. ODEM U25 2009"]
[Site "Willingen GER"]
[Date "2009.05.31"]
[Round "1"]
[White "Brühan, Caren"]
[Black "Werner, Patrick"]
[Result "0-1"]
[Termination "normal"]
[Board "40"]
[WhiteElo "1265"]
[BlackElo "1872"]
[PlyCount "92"]
[WhiteFideId "24691976"]
[BlackFideId "24601608"]
[EventCountry "GER"]
[EventRounds "9"]
[EventType "swiss"]
[EventDate "2009.05.30"]

1. d4 g6 2. c4 Bg7 3. Nf3 d6 4. Nc3 Nf6 5. e3 O-O 6. Bd3 Nc6 7. O-O e5 8. Re1
Bg4 9. Be2 Re8 10. a3 a5 11. d5 Nb8 12. e4 Na6 13. Bg5 h6 14. Bd2 Nc5 15. h3
Bd7 16. Bf1 a4 17. Bc1 Rf8 18. Nd2 Ne8 19. b4 axb3 20. Nxb3 Nxb3 21. Qxb3 b6
22. Nd1 f5 23. Qg3 Kh7 24. exf5 gxf5 25. Bb2 Nf6 26. Bd3 Nh5 27. Qf3 Qh4 28.
Qe2 Kh8 29. Kh2 f4 30. Rg1 f3 31. Qe4 Qxe4 32. Bxe4 fxg2 33. Rxg2 Nf4 34. Rg3
Bf6 35. Bc1 Bh4 36. Bxf4 Rxf4 37. Re3 Bxf2 38. Nxf2 Rxf2+ 39. Kg3 Rf4 40. Kh2
Rg8 41. Ra2 Ba4 42. Bd3 Bb3 43. Rb2 Bxc4 44. Rc2 Bxd5 45. Rg3 Rxg3 46. Kxg3
Rf3+ 0-1

[Event "6. ODEM U25 2009"]
[Site "Willingen GER"]
[Date "2009.05.31"]
[Round "1"]
[White "Stövesand, Eric"]
[Black "Nobis, Philipp"]
[Result "1-0"]
[Termination "normal"]
[Board "41"]
[WhiteElo "1805"]
[BlackElo "1261"]
[PlyCount "61"]
[WhiteFideId "24651117"]
[BlackFideId "24602183"]
[EventCountry "GER"]
[EventRounds "9"]
[EventType "swiss"]
[EventDate "2009.05.30"]

1. e4 d5 2. exd5 Nf6 3. d4 Nxd5 4. Nf3 e6 5. Bc4 Be7 6. O-O O-O 7. Re1 c6 8.
Nbd2 Nd7 9. Nf1 N7f6 10. Ng3 h6 11. Bb3 Re8 12. c4 Nb6 13. Bf4 c5 14. Be5 cxd4
15. Bxd4 Qc7 16. Qc2 Nbd7 17. Qc3 a5 18. Bc2 Bb4 19. Qd3 Bxe1 20. Rxe1 Nc5 21.
Qe3 Ncd7 22. Ne4 Ng4 23. Qd3 Nge5 24. Nxe5 Nxe5 25. Qg3 Nf3+ 26. Qxf3 Qxc4 27.
Bc3 Qc7 28. Qg4 e5 29. Nf6+ Kf8 30. Qxg7+ Kxg7 31. Nxe8+ 1-0

[Event "6. ODEM U25 2009"]
[Site "Willingen GER"]
[Date "2009.05.31"]
[Round "1"]
[White "Mehling, Franziska"]
[Black "Seidler, Lukas"]
[Result "0-1"]
[Termination "normal"]
[Board "42"]
[WhiteElo "1257"]
[BlackElo "1805"]
[PlyCount "108"]
[WhiteFideId "12900133"]
[BlackFideId "12900095"]
[EventCountry "GER"]
[EventRounds "9"]
[EventType "swiss"]
[EventDate "2009.05.30"]

1. d4 Nf6 2. c4 e6 3. Nc3 d5 4. Nf3 c6 5. e3 Bd6 6. Bd3 Nbd7 7. e4 dxe4 8. Nxe4
Nxe4 9. Bxe4 Nf6 10. Bc2 Qa5+ 11. Bd2 Qh5 12. Qe2 c5 13. Bc3 cxd4 14. Bxd4 Bb4+
15. Nd2 Bd7 16. Qxh5 Nxh5 17. Rd1 Bc6 18. O-O O-O-O 19. Be3 b6 20. a3 Be7 21.
b4 f5 22. Nb3 Bf6 23. c5 f4 24. Bc1 Bc3 25. Rd3 Rxd3 26. Bxd3 e5 27. Rd1 Ba4
28. Bc2 Rd8 29. Rxd8+ Kxd8 30. cxb6 axb6 31. Kf1 Bb5+ 32. Kg1 Nf6 33. Nd2 Ke7
34. a4 Be2 35. b5 Kd6 36. f3 Bd4+ 37. Kh1 h5 38. Ba3+ Bc5 39. Bxc5+ Kxc5 40.
Kg1 Kb4 41. Kf2 Bc4 42. Nxc4 Kxc4 43. Ke2 Nd5 44. g3 Kc3 45. Bg6 Nf6 46. Kd1
Kb4 47. Bc2 Nd5 48. Kd2 Ne3 49. Bg6 fxg3 50. hxg3 Nf1+ 51. Kd1 Nxg3 52. Bc2 h4
53. Ke1 h3 54. Kf2 h2 0-1

[Event "6. ODEM U25 2009"]
[Site "Willingen GER"]
[Date "2009.05.31"]
[Round "1"]
[White "Ehlers, Michael"]
[Black "Alt, Elisabeth"]
[Result "1-0"]
[Termination "normal"]
[Board "43"]
[WhiteElo "1993"]
[BlackElo "1257"]
[PlyCount "75"]
[WhiteFideId "4674537"]
[BlackFideId "24692620"]
[EventCountry "GER"]
[EventRounds "9"]
[EventType "swiss"]
[EventDate "2009.05.30"]

1. e4 c5 2. Nf3 e6 3. d4 cxd4 4. Nxd4 Nf6 5. f3 Be7 6. Nb5 O-O 7. Bf4 Na6 8.
Nd6 Qb6 9. Nc4 Qd8 10. Bd6 b6 11. Nc3 Nc7 12. Be2 Bb7 13. O-O Rc8 14. Qd2 Nce8
15. Nb5 a6 16. Bxe7 Qxe7 17. Nbd6 Nxd6 18. Nxd6 Rc7 19. Nxb7 Rxb7 20. Bxa6 Rc7
21. Bd3 Rfc8 22. a4 d5 23. b4 Rd8 24. Qe1 dxe4 25. fxe4 Ng4 26. Qg3 h5 27. h3
Nf6 28. Qe1 Qd6 29. Kh1 Nd7 30. a5 bxa5 31. bxa5 Ra7 32. Qf2 Qc7 33. Qxf7+ Kh8
34. Qxh5+ Kg8 35. e5 Nf8 36. a6 Rc8 37. Rf3 Qe7 38. Raf1 1-0

[Event "6. ODEM U25 2009"]
[Site "Willingen GER"]
[Date "2009.05.31"]
[Round "1"]
[White "Weber, Yannik"]
[Black "Schmidt, Matthias"]
[Result "0-1"]
[Termination "normal"]
[Board "44"]
[WhiteElo "1236"]
[BlackElo "1803"]
[PlyCount "62"]
[WhiteFideId "24692700"]
[BlackFideId "12900168"]
[EventCountry "GER"]
[EventRounds "9"]
[EventType "swiss"]
[EventDate "2009.05.30"]

1. d4 f5 2. c4 Nf6 3. Nc3 e6 4. Nf3 Be7 5. Bf4 O-O 6. Qc2 d6 7. e4 Nh5 8. g3
Nc6 9. O-O-O g5 10. d5 Nb4 11. Qb3 gxf4 12. Qxb4 fxe4 13. Nxe4 fxg3 14. hxg3
Nxg3 15. Nxg3 Rxf3 16. Bd3 Bg5+ 17. Kb1 h6 18. Ne4 e5 19. Nxg5 hxg5 20. Rh7
Rxd3 21. Rdh1 Bf5 22. Rh8+ Kg7 23. Kc1 Qxh8 24. Rxh8 Rxh8 25. Qxb7 Rh1+ 26. Kc2
Rf3+ 27. Kd2 Rxf2+ 28. Ke3 Rxb2 29. Qxc7+ Kg6 30. Qxd6+ Kh5 31. Qxe5 Re1+ 0-1